| 000 | 01048cab a2200241 4500 | ||
|---|---|---|---|
| 001 | ABS43553 | ||
| 008 | 090401t1990 xxu||||| |||| 00| 0 eng d | ||
| 035 | _a(Sirsi) u42326 | ||
| 041 | _aeng | ||
| 100 | _aGraham, T. | ||
| 245 | _aEfficient planning and the hardy beast | ||
| 260 | _c1990 | ||
| 350 | _a0 | ||
| 490 |
_aEstates Gazette _v(9039) 29 September 1990, 52-56(2) |
||
| 520 | _aDiscusses the Government consultation paper " Efficient planning ", which proposes to amend the criteria set out under Town and Country Planning Act 1990 s56 to require the developer , if he wishes to keep his planning permission alive, to complete 10% of the total cost of the development as opposed to executing the very minor works presently required. Quotes case law . | ||
| 650 | _aCYNON VALLEY BC V SOS FOR WALES | ||
| 650 | _aDURHAM CC V SOS FOR THE ENVIRONMENT | ||
| 650 | _aMINERAL EXTRACTION | ||
| 650 | _aPIONEER AGGREGATES UK LTD V SOS FOR THE ENVIRONMENT | ||
| 690 | _aPLANNING LAW AND PRACTICE | ||
| 942 | _n0 | ||
| 948 | _c04/03/1997 | ||
| 999 |
_c27161 _d27161 |
||